Städte in NRW - Sudden Death - Statistiken

Allgemein
  • Dieses Quiz wurde 197 mal gespielt
  • Das Durchschnittsergebnis liegt bei 5 aus 10
Answers on the Grid
Answers color-coded by a green-red scale on the quiz's grid according to % correct below.
Cloppenburg
Cochem
Detmold
Eupen
Gummersbach
Gütersloh
Hameln
Hilden
Kempen
Korbach
Marl
Melle
Meppen
Minden
Osnabrück
Siegen
Vechta
Venlo
Warburg
Wetzlar
Witten
 
Antwortstatistiken
Antwort % Korrekt
Detmold
75%
Gütersloh
75%
Gummersbach
64%
Siegen
62%
Minden
52%
Witten
52%
Marl
49%
Hilden
34%
Kempen
31%
Warburg
17%
Keine übereinstimmenden Quizze gefunden
Verteilung der Resultate
Anzahl Personen mit jedem Resultat
Perzentil nach korrekt beantworteten Fragen
Ihre Resultats-Entwicklung
Sie haben dieses Quiz noch nicht gespielt